000 00570nam a2200193Ia 4500
005 20260120124600.0
008 008 260114s9999 xx 000 0 eng d
020 _a9780857244895
037 _aEBOOK
040 _aCRL
_beng
_cCRL
041 _aeng
_2eng
084 _qCRL
245 0 _aNonlinear Modeling of Economic and Financial Time-Series
260 _bEmerald Publishing
_c2010
700 _aFredj Jawadi
_9908026
856 _uhttps://www.emerald.com/insight/publication/doi/10.1108/S1571-0386(2010)20
942 _cEBOOK
999 _c1499915
_d1499915